Ισχυρή σύγκλιση και ευστάθεια έμμεσων αριθμητικών μεθόδων για στοχαστικές διαφορικές εξισώσεις με μη ολικά Lipschitz συνεχείς συντελεστές : μεταπτυχιακή εργασία
Η κύρια ασχολία μας είναι η μελέτη της ισχυρής σύγκλισης και ευστάθειας για αριθμητικές προσεγγίσεις στην περίπτωση όπου τα f και g δεν είναι ολικά Lipschitz συνεχή.
Αποθηκεύτηκε σε:
| Κύριος συγγραφέας: | |
|---|---|
| Συγγραφή απο Οργανισμό/Αρχή: | |
| Μορφή: | Thesis Βιβλίο |
| Γλώσσα: | Greek |
| Δημοσίευση: |
2015.
|
| Θέματα: | |
| Διαθέσιμο Online: | http://hdl.handle.net/11610/15528 |
| Ετικέτες: |
Προσθήκη ετικέτας
Δεν υπάρχουν, Καταχωρήστε ετικέτα πρώτοι!
|
MARC
| LEADER | 00000cam a2200000 a 4500 | ||
|---|---|---|---|
| 001 | 1/110647 | ||
| 008 | 160422s2015####gr | ||| |||| ||gre|| | ||
| 040 | |a GR-MyUa |b gre |c GR-MyUa |e AACR2 | ||
| 041 | 0 | |a gre | |
| 082 | 7 | |a 519.2 |2 (23) | |
| 100 | 1 | |a Βαζαίος, Βασίλειος. | |
| 245 | 1 | 0 | |a Ισχυρή σύγκλιση και ευστάθεια έμμεσων αριθμητικών μεθόδων για στοχαστικές διαφορικές εξισώσεις με μη ολικά Lipschitz συνεχείς συντελεστές : |b μεταπτυχιακή εργασία / |c Βασίλειος Βαζαίος ; επιβλέπων καθηγητής Νικόλαος Χαλιδιάς. |
| 260 | |c 2015. | ||
| 300 | |a 31 σ. ; |c 30 εκ. | ||
| 502 | |a Διατριβή (μεταπτυχιακή) - Πανεπιστήμιο Αιγαίου, Σάμος, 2015. | ||
| 504 | |a Βιβλιογραφία: σ. 31. | ||
| 506 | 0 | |a Διάθεση πλήρους κειμένου - Ελεύθερη πρόσβαση. | |
| 520 | 8 | |a Η κύρια ασχολία μας είναι η μελέτη της ισχυρής σύγκλισης και ευστάθειας για αριθμητικές προσεγγίσεις στην περίπτωση όπου τα f και g δεν είναι ολικά Lipschitz συνεχή. | |
| 520 | 8 | |a We are interested in the strong convergence and almost sure stability of Euler–Maruyama (EM) type approximations to the solutions of stochastic differential equations(SDEs)with non-linear and non-Lipschitzian coefficients. Motivation comes from finance and biology where many widely applied models do not satisfy the standard assumptions required for the strong convergence. In addition we examine the globally almost surely asymptotic stability in this non-linear setting for EM type schemes. In particular, we present a stochastic counterpart of the discrete LaSalle principle from which we deduce stability properties for numerical methods. | |
| 650 | 0 | |a Stochastic differential equations. | |
| 650 | 0 | |a Stability. | |
| 650 | 0 | |a Dissertations, Academic |z Greece. | |
| 700 | 1 | |a Χαλιδιάς, Νικόλαος, |e dgs | |
| 710 | 2 | |a Πανεπιστήμιο Αιγαίου. |b Σχολή Θετικών Επιστημών. |b Τμήμα Στατιστικής και Αναλογιστικών-Χρηματοοικονομικών Μαθηματικών. |b Μεταπτυχιακό Πρόγραμμα Στατιστική και Αναλογιστικά - Χρηματοοικονομικά Μαθηματικά. | |
| 852 | |a INST |b SAMOS |c DIATR |e 20160422 |h 519.2 ΒΑΖ |p 005300043467 |q 005300043467 |t MTXE |y 23 | ||
| 852 | |a INST |b SAMOS |c DIATR |e 20160422 |h 519.2 ΒΑΖ |p 005300043468 |q 005300043468 |t MTXE |y 23 | ||
| 856 | |u http://hdl.handle.net/11610/15528 | ||
| 924 | |a Βαζαίος |b Βασίλειος |y Σάμος |z 2015-02 | ||
| 970 | |a Κοσιέρης |b Χρήστος |z 22-04-2016 | ||